ARRUPE JESUIT UNIVERSITY

CORONAVIRUS -STOP THE SPREAD - CLEAN,DISINFECT,COVER

I say to you : (Record no. 121184)

MARC details
000 -LEADER
fixed length control field 02068cam a2200433 a 4500
001 - CONTROL NUMBER
control field 9051432
003 - CONTROL NUMBER IDENTIFIER
control field ARRUPE
005 - DATE AND TIME OF LATEST TRANSACTION
control field 20141105175152.0
008 - FIXED-LENGTH DATA ELEMENTS--GENERAL INFORMATION
fixed length control field 110126s2011 ilub b 001 0 eng c
010 ## - LIBRARY OF CONGRESS CONTROL NUMBER
LC control number 2011003350
020 ## - INTERNATIONAL STANDARD BOOK NUMBER
International Standard Book Number 9780226498041 (cloth : alk. paper)
020 ## - INTERNATIONAL STANDARD BOOK NUMBER
International Standard Book Number 0226498042 (cloth : alk. paper)
020 ## - INTERNATIONAL STANDARD BOOK NUMBER
International Standard Book Number 9780226498058 (pbk. : alk. paper)
020 ## - INTERNATIONAL STANDARD BOOK NUMBER
International Standard Book Number 0226498050 (pbk. : alk. paper)
024 ## - OTHER STANDARD IDENTIFIER
Standard number or code 40019930109
035 ## - SYSTEM CONTROL NUMBER
System control number (OCoLC)ocn700735473
035 ## - SYSTEM CONTROL NUMBER
System control number (OCoLC)700735473
035 ## - SYSTEM CONTROL NUMBER
System control number (NNC)9051432
040 ## - CATALOGING SOURCE
Original cataloging agency ICU/DLC
Transcribing agency DLC
Modifying agency YDX
-- UKMGB
-- YDXCP
042 ## - AUTHENTICATION CODE
Authentication code pcc
043 ## - GEOGRAPHIC AREA CODE
Geographic area code f-ke---
050 00 - LIBRARY OF CONGRESS CALL NUMBER
Classification number DT433.545.K35
Item number L96 2011
082 00 - DEWEY DECIMAL CLASSIFICATION NUMBER
Classification number 305.896/5
Edition number 22
300 ## - PHYSICAL DESCRIPTION
Other physical details maps ;
Dimensions 24 cm.
100 1# - MAIN ENTRY--PERSONAL NAME
Personal name Lynch, Gabrielle.
9 (RLIN) 12425
245 10 - TITLE STATEMENT
Title I say to you :
Remainder of title ethnic politics and the Kalenjin in Kenya /
Statement of responsibility, etc Gabrielle Lynch.
260 ## - PUBLICATION, DISTRIBUTION, ETC. (IMPRINT)
Place of publication, distribution, etc Chicago :
Name of publisher, distributor, etc University of Chicago Press,
Date of publication, distribution, etc 2011.
300 ## - PHYSICAL DESCRIPTION
Extent xvi, 291 p. :
504 ## - BIBLIOGRAPHY, ETC. NOTE
Bibliography, etc Includes bibliographical references and index.
505 0# - FORMATTED CONTENTS NOTE
Formatted contents note Introduction: The nature and political salience of ethnic identity -- Creating a community: from Nandi speakers to Kalenjin -- Popularizing the Kalenjin: decolonization and the first Majimbo debate -- Moi: the making of an African "big man" -- Harambee to Nyayo: control and patronage in the president's backyard -- Democratization and the "Kalenjin vote", 1990-2002 -- Multiparty politics and the "ethnic factor" 2002-2008 -- Conclusion: Ethnic politics in modern Kenya -- Appendix: multiparty election and referendum results in Kalenjin-dominated constituencies.
600 10 - SUBJECT ADDED ENTRY--PERSONAL NAME
Personal name Moi, Daniel Arap,
Dates associated with a name 1924-
9 (RLIN) 12426
650 #0 - SUBJECT ADDED ENTRY--TOPICAL TERM
Topical term or geographic name as entry element Kalenjin (African people)
Geographic subdivision Kenya
General subdivision Ethnic identity.
9 (RLIN) 12427
650 #0 - SUBJECT ADDED ENTRY--TOPICAL TERM
Topical term or geographic name as entry element Kalenjin (African people)
General subdivision Ethnic identity
-- Political aspects
Geographic subdivision Kenya.
9 (RLIN) 12428
650 #0 - SUBJECT ADDED ENTRY--TOPICAL TERM
Topical term or geographic name as entry element Regionalism
General subdivision Political aspects
Geographic subdivision Kenya.
9 (RLIN) 12429
651 #0 - SUBJECT ADDED ENTRY--GEOGRAPHIC NAME
Geographic name Kenya
General subdivision Ethnic relations
-- Political aspects.
9 (RLIN) 12430
651 #0 - SUBJECT ADDED ENTRY--GEOGRAPHIC NAME
Geographic name Kenya
General subdivision Politics and government.
9 (RLIN) 4550
942 ## - ADDED ENTRY ELEMENTS (KOHA)
Source of classification or shelving scheme Library of Congress Classification
Koha item type Monograph ( Printed materials)
948 1# - LOCAL PROCESSING INFORMATION (OCLC); SERIES PART DESIGNATOR (RLIN)
Series part designator, SPT (RLIN) 20111021
b (OCLC) c
c (OCLC) sl13
d (OCLC) MPS
Holdings
Withdrawn status Lost status Source of classification or shelving scheme Damaged status Not for loan Collection code Home library Current library Shelving location Date acquired Total Checkouts Full call number Barcode Date last seen Price effective from Koha item type
    Library of Congress Classification     Main Collection ARRUPE LIBRARY ARRUPE LIBRARY Main Collection 05/11/2014   DT433.545.K35 L96 2011 46500003764 07/12/2017 05/11/2014 Monograph ( Printed materials)

 

Arrupe Library. PO Box MP320 Mt Pleasant, Harare, Zimbabwe
263 242 745411|librarian@aju.ac.zw